Catálogo
 En Linea

La sociedad post capitalista / (Registro nro. 19791)

Detalles MARC
000 -CABECERA
campo de control de longitud fija 01157nam a2200193 a 4500
001 - NÚMERO DE CONTROL
campo de control 000020287
005 - FECHA Y HORA DE LA ÚLTIMA TRANSACCIÓN
campo de control 20200929170340.0
008 - DATOS DE LONGITUD FIJA--INFORMACIÓN GENERAL
campo de control de longitud fija 120210s1994 sp 000 0 spa d
020 ## - NÚMERO INTERNACIONAL ESTÁNDAR DEL LIBRO
Número Internacional Estándar del Libro 958042788
040 ## - FUENTE DE LA CATALOGACIÓN
Centro catalogador/agencia de origen DO-SdBNP
Lengua de catalogación spa
Centro/agencia transcriptor BNPHU
100 1# - ENTRADA PRINCIPAL--NOMBRE DE PERSONA
Nombre de persona Druker, Peter Ferdinand
9 (RLIN) 42921
240 10 - TÍTULO UNIFORME
Título uniforme Post-capitalist society
Lenguaje de la obra Español
245 13 - MENCIÓN DE TÍTULO
Título La sociedad post capitalista /
Mención de responsabilidad, etc. Peter Ferdinand Druker ; Traducción Jorge Cárdenas Nannetti.
260 ## - PUBLICACIÓN, DISTRIBUCIÓN, ETC.
Lugar de publicación, distribución, etc. Barcelona :
Nombre del editor, distribuidor, etc. Norma ,
Fecha de publicación, distribución, etc. 1994.
300 ## - DESCRIPCIÓN FÍSICA
Extensión 244 p. ;
Dimensiones 25cm.
500 ## - NOTA GENERAL
Nota general Incluye índice
505 0# - NOTA DE CONTENIDO CON FORMATO
Nota de contenido con formato La transformación --
Título LA sociedad --
-- Del capitalismo a la sociedad del conocimiento --
-- La sociedad de organizaciones --
-- El trabajo, el capital y su futuro --
-- La productividad de las nuevas fuerzas laborales --
-- La organización basada en la responsabilidad --
-- EL ESTADO --
-- Del Estado-nación al megaestado --
-- Transnacionalismo, regionalismo, tribalismo --
-- La necesaria reestructuración del gobierno --
-- Ciudadanía por el sector social --
-- El conocimiento: su economía, su productividad --
-- La escuela responsable --
-- La persona adecuada
700 1# - PUNTO DE ACCESO ADICIONAL--NOMBRE DE PERSONA
Nombre de persona Cárdenas Nannetti, Jorge
Término indicativo de función/relación tr.
9 (RLIN) 42922
Existencias
Estado de retiro Estado de pérdida Restricciones de uso No para préstamo Código de colección Localización permanente Ubicación/localización actual Ubicación en estantería Fecha de adquisición Número de inventario Total de préstamos Signatura topográfica completa Código de barras Fecha visto por última vez Precio válido a partir de Tipo de ítem Koha
      Excluido de préstamo Monografías: Libros y Folletos General General En catalogación 05.05.2017 LF1   20287-10 25.06.2020 25.06.2020 No se presta

Con tecnología Koha